LEADER 01918nas 2200493-a 450 001 996280936403316 005 20240413022810.0 035 $a(CKB)110978978384223 035 $a(CONSER)---97644584- 035 $a(EXLCZ)99110978978384223 100 $a19940617b19942000 --- a 101 0 $aeng 181 $ctxt$2rdacontent 182 $cc$2rdamedia 183 $acr$2rdacarrier 200 10$aConference record of the ... International Power Modulator Symposium 210 $aNew York, NY $cPalisades Institute for Research Services$d[1994]-©2000 215 $a1 online resource 300 $aPublished: Piscataway, NJ : Institute of Electrical and Electronics Engineers, 1996- 311 08$aPrint version: Conference record of the ... International Power Modulator Symposium. 1076-8467 (DLC) 97644584 (OCoLC)30621650 531 $aINTERNATIONAL POWER MODULATOR SYMPOSIUM CONFERENCE RECORD 531 0 $aConf. rec. Int. Power Modul. Symp. 606 $aModulators (Electronics)$vCongresses 606 $aPulse circuits$vCongresses 606 $aPulse generators$vCongresses 606 $aModulators (Electronics)$2fast$3(OCoLC)fst01024519 606 $aPulse circuits$2fast$3(OCoLC)fst01083928 606 $aPulse generators$2fast$3(OCoLC)fst01083932 608 $aConference papers and proceedings.$2fast 615 0$aModulators (Electronics) 615 0$aPulse circuits 615 0$aPulse generators 615 7$aModulators (Electronics) 615 7$aPulse circuits. 615 7$aPulse generators. 676 $a621.3815/36 712 02$aPalisades Institute for Research Services. 712 02$aU.S. Army Research Laboratory. 712 02$aIEEE Electron Devices Society. 906 $aJOURNAL 912 $a996280936403316 920 $aexl_impl conversion 996 $aConference record of the ... International Power Modulator Symposium$92574313 997 $aUNISA LEADER 02271nas 2200757- 450 001 9910513708903321 005 20220316213022.0 011 $a2638-6100 035 $a(OCoLC)1048897449 035 $a(CKB)4530000000000297 035 $a(CONSER)--2018202924 035 $a(DE-599)ZDB2960483-7 035 $a(EXLCZ)994530000000000297 100 $a20180820a20199999 o-- a 101 0 $aeng 135 $aur||||||||||| 181 $ctxt$2rdacontent 182 $cc$2rdamedia 183 $acr$2rdacarrier 200 00$aRadiology$iArtificial intelligence 210 1$aOak Brook, IL :$cRadiological Society of North America, Inc.,$d[2019]- 300 $aRefereed/Peer-reviewed 517 1 $aArtificial intelligence 517 1 $aRAI 517 1 $aAI 531 10$aRadiol Artif Intell 606 $aRadiology$vPeriodicals 606 $aArtificial intelligence 606 $aMedical radiology$vPeriodicals 606 $aRadiology 606 $aArtificial Intelligence$xtrends 606 $aDiagnostic Imaging$xtrends 606 $aRadiology 606 $aArtificial Intelligence 606 $aRadiologie$vPériodiques 606 $aIntelligence artificielle 606 $aRadiologie 606 $aartificial intelligence$2aat 606 $aradiology$2aat 606 $aArtificial intelligence$2fast$3(OCoLC)fst00817247 606 $aMedical radiology$2fast$3(OCoLC)fst01088281 606 $aRadiology$2fast$3(OCoLC)fst01088271 608 $aPeriodical. 608 $aPeriodicals.$2fast 615 0$aRadiology 615 0$aArtificial intelligence. 615 0$aMedical radiology 615 0$aRadiology. 615 12$aArtificial Intelligence$xtrends. 615 22$aDiagnostic Imaging$xtrends. 615 22$aRadiology. 615 2$aArtificial Intelligence. 615 6$aRadiologie 615 6$aIntelligence artificielle. 615 6$aRadiologie. 615 7$aartificial intelligence. 615 7$aradiology. 615 7$aArtificial intelligence. 615 7$aMedical radiology. 615 7$aRadiology. 676 $a616.07/57/05 712 02$aRadiological Society of North America, 906 $aJOURNAL 912 $a9910513708903321 996 $aRadiology$9790404 997 $aUNINA